000 00755cam a2200217 a 4500
001 000002390
005 20240513203638.0
008 820524s1978 ve a b 001 0 spa
040 _aDO-SdBNP
_bspa
_cBNPHU
082 _a306.362
_bD542e, 1978
100 1 _aDíaz-González, José Joaquín.
_97589
245 1 0 _a!Tú eres esclavo! :
_bla esclavitud en la antigüedad /
_cJosé Joaquín Díaz-González.
250 _a2a ed.
260 _aMérida, Venezuela :
_bUniversidad de los Andes. Rectorado,
_c1978.
300 _a248 p. :
_bil. ;
_c23 cm.
504 _aBibliografía: p. 245-246.
650 4 _aEsclavitud
_xHistoria
_97590
650 4 _aEsclavitud
_zRoma
_xHistoria
_97591
650 0 _aHistoria social
_978961
910 _aCatalogación por copia / LC
999 _c2229
_d2229